Assembly code instructions - Statistics

General Stats
  • This quiz has been taken 11 times
  • The average score is 5 of 11
Answer Stats
Mnemonic Instruction % Correct
ADD Add
100%
SUB Subtract
90%
STA Store
70%
HLT End program
60%
LDA Load
60%
OUT Output
50%
INP Input
40%
BRZ Branch if zero
30%
BRA Branch always
0%
BRP Branch if zero or positive
0%
DAT Data location
0%
No matching quizzes found
Score Distribution
Percent of People with Each Score
Percentile by Number Answered
Your Score History
You have not taken this quiz